The misconceiver

Saved in:
Bibliographic Details
Main Author: FerrisslhLucy
Format: Book
Published: LondonlbSimon & schusterlc1997
Tags: Add Tag
No Tags, Be the first to tag this record!
Call Number :PZ 7. FER 1997

MARC

LEADER 00000pam a2200000 4500
001 8472
003 MY-KLNDU
005 20241218052712.0
020 0 0 |a 034070831x 
035 |a 0000010211 
039 9 |y 200910081454  |z VLOAD 
090 0 0 |a PZ 7.  |b FER 1997 
100 1 0 |a FerrisslhLucy 
245 1 4 |a The misconceiver  |c Lucy Ferriss 
260 0 0 |a LondonlbSimon & schusterlc1997 
300 |a 303p  |c 22cm 
999 |a vtls000008201  |c 8472  |d 8472